| 000 | 00584nam a22001937a 4500 | ||
|---|---|---|---|
| 999 |
_c524788 _d524788 |
||
| 003 | NUST | ||
| 020 | _a969-8611-06-1 | ||
| 038 | _aNUST | ||
| 082 |
_a891.421 _bSAF |
||
| 100 |
_aSafdar Ali Shah,Brigadier _915579 |
||
| 245 |
_aKhaaban Di Mutyar / _cBrig. Safdar Ali Shah. |
||
| 260 |
_aIslamabad : _bRodad Publications,, _c[N.D] |
||
| 300 |
_a119 p. ; _c16 cm. |
||
| 500 | _aHardback. | ||
| 880 |
_6100-01\r _a.بریگیڈیئر صفدرعلی شاہ |
||
| 880 |
_6245-02\r _a/ خاباں دی مٹیار |
||
| 880 |
_6260-03\r _a,روداد پبلی کیشنز |
||
| 942 |
_2ddc _cBK |
||